• 首页
  • 本馆介绍
  • 公告通知
  • 最新文献
  • 馆藏检索
  • 电子资源
  • 读者导购
  • 参考咨询
  • 我的图书馆
  • 登录
  • 详细信息显示
  • 放入我的书架
  • 预约/预借图书
  • 作者相关作品
  • 分类相关作品
  • 丛书相关作品
  • 出版社相关作品

书目信息

  • 表格格式
  • 工作单格式
  • 卡片格式
题名:
中国哲学原论
    
 
作者: 唐君毅, 著
分册: 3   原道篇
出版信息: 北京   九州出版社  2021.11
页数: 3册 (362, 428, 422页)
开本: 23cm
丛书名: 唐君毅作品
单 册:
中图分类: B2 , B223.05
科图分类:
主题词: 哲学--zhe xue--研究--中国 , 道家--dao jia--哲学思想--研究
电子资源:
ISBN: 978-7-5108-8845-8
000 01345nam 2200325 450
001 CAL 0120217311444
005 20230307170036.22
010    @a978-7-5108-8845-8@dCNY120.00
100    @a20220113d2021 em y0chiy0120 ea
101 0  @achi
102    @aCN@b110000
105    @ay z 000yy
106    @ar
200 1  @a中国哲学原论@Azhong guo zhe xue yuan lun@h3@i原道篇@e中国哲学中之“道”之建立及其发展@f唐君毅著
210    @a北京@c九州出版社@d2021.11
215    @a3册 (362, 428, 422页)@d23cm
225 2  @a唐君毅作品@Atang jun yi zuo pin
314    @a唐君毅, 学名毅伯, 一九○九年生于四川宜宾, 中国现代著名思想家、哲学家、哲学史家, 现代新儒家代表人物。
330    @a本书主要内容是对中国传统哲学中最基本、综摄性及关联性最强的“道”进行历史与逻辑的论述, 上及先秦, 下至隋唐, 大体按照时代顺序进行论述, 内容包括: 孔子之仁道 ; 墨子之义道 ; 孟子之立人之道等。
410  0 @12001 @a唐君毅作品
517 1  @a中国哲学中之“道”之建立及其发展@Azhong guo zhe xue zhong zhi “ dao ” zhi jian li ji qi fa zhan
517 1  @a原道篇@Ayuan dao pian
606 0  @a哲学@Azhe xue@x研究@y中国
606 0  @a道家@Adao jia@x哲学思想@x研究
690    @aB2@v5
690    @aB223.05@v5
701  0 @a唐君毅,@Atang jun yi@f1909-1978@4著
801  0 @aCN@bBJXHZP@c20230228
804    @a一, 23, 362 ; 二, 428 ; 三, 422
905    @b1407016-7@dB2@e245:3@f2
    
    中国哲学原论.3.原道篇:中国哲学中之“道”之建立及其发展/唐君毅著.-北京:九州出版社,2021.11
    3册 (362, 428, 422页);23cm.-(唐君毅作品)
    
    
    ISBN 978-7-5108-8845-8:CNY120.00
    本书主要内容是对中国传统哲学中最基本、综摄性及关联性最强的“道”进行历史与逻辑的论述, 上及先秦, 下至隋唐, 大体按照时代顺序进行论述, 内容包括: 孔子之仁道 ; 墨子之义道 ; 孟子之立人之道等。
●
相关链接 在E读中查询图书 在五车中查询图书 在当当中查询图书 在豆瓣中查询图书


正题名:中国哲学原论     索取号:B2/245:3         预约/预借

序号 登录号 条形码 馆藏地/架位号 状态 备注
1 1407016   214070164   第一样本阅览室/ [索取号:B2/245:3] 在馆    
2 1407017   214070173   第一借阅区/ [索取号:B2/245:3] 在馆    
唐山师范学院图书馆 欢迎您!
大连网信软件有限公司© 版权所有